| 000 | 00575cam a2200181 4500 | ||
|---|---|---|---|
| 001 | 1842190008 | ||
| 008 | 000000n2000 000 0 eng u | ||
| 035 | _a(Sirsi) u106236 | ||
| 100 | _aAdair, A. | ||
| 245 | 4 | _aThe role of property in mixed-asset portfolios | |
| 260 |
_aLondon _bRICS _c2000 |
||
| 700 | _aHoesli, Martin | ||
| 700 | _aMcGreal, Stan | ||
| 700 | _aMacGregror, Bryan | ||
| 710 |
_aRoyal Institution of Chartered Surveyors _bResearch Foundation _93861 |
||
| 856 |
_uhttps://www.rics.org/Global/Downloads/RoleProperty2002.pdf _zView article |
||
| 942 | _n0 | ||
| 999 |
_c100542 _d100542 |
||